000 01058nmc a2200373 a 4500
003 AR-BaBNM
005 20251128204840.0
008 216019s1986 ||||||||||||||000 | spa||
020 _a950-614-392-7
040 _cAR-BaBNM
100 1 _aBalestra, Juan
245 1 0 _aEl noventa
_buna evolución política argentina
260 _aBuenos Aires
_bHyspamérica
_c1986
300 0 _a216 p.
490 0 _aBiblioteca Argentina de Historia y Política
_vv. 26
500 0 _aNotas: p. 189-216
600 1 4 _aMitre, Bartolomé
600 1 4 _aAlem, Leandro N.
600 1 4 _aUriburu, Francisco
600 0 4 _aJuárez Celman
_d1886-1890
600 0 4 _aPellegrini
_d1890-1892
610 2 4 _aUnión Cívica Radical [Argentina]
650 4 _aHISTORIA POLITICA ARGENTINA
650 4 _aHISTORIA ECONOMICA
650 4 _aREVOLUCION DE 1890
650 4 _aREVOLUCIONES RADICALES
650 4 _aSOCIALISMO
650 4 _aPOLITICA ARGENTINA
651 4 _aArgentina
653 0 _aRADICALISMO
800 1 _aCostantini, Pablo
942 _cBK
998 _cEnrique
999 _c9030
_d9030